00388nam a22001457a 4500003000400000020001800004082001700022100001900039245006800058250000800126260002700134300000700161650001300168653006100181SGT a9789392544002 a615.53bA22S aSRIKANT, N,ed. aAYURVEDA BASED CLINICAL METHODS FOR EXAMINATION OF GRAHANI ROGA a1ST aNEW DELHIbCCRASc2022 a58 aAYURVEDA aAYURVEDA, CLINICAL, METHODS , EXAMINATION, GRAHANI ROGA